<?xml version="1.0" encoding="UTF-8"?>
<record
    xmlns:xsi="http://www.w3.org/2001/XMLSchema-instance"
    xsi:schemaLocation="http://www.loc.gov/MARC21/slim http://www.loc.gov/standards/marcxml/schema/MARC21slim.xsd"
    xmlns="http://www.loc.gov/MARC21/slim">

  <leader>01113nam a22001577a 4500</leader>
  <controlfield tag="008">150205b        xxu||||| |||| 00| 0 eng d</controlfield>
  <datafield tag="020" ind1=" " ind2=" ">
    <subfield code="a">1854317423</subfield>
  </datafield>
  <datafield tag="050" ind1=" " ind2=" ">
    <subfield code="a">KF889.M235</subfield>
  </datafield>
  <datafield tag="100" ind1=" " ind2=" ">
    <subfield code="a">Macintyre, Ewan.</subfield>
  </datafield>
  <datafield tag="245" ind1=" " ind2=" ">
    <subfield code="a">Learning texts:commercial law. /</subfield>
    <subfield code="c">Ewan, Macintyre.</subfield>
  </datafield>
  <datafield tag="260" ind1=" " ind2=" ">
    <subfield code="a">London:</subfield>
    <subfield code="b">Blackstone Press Ltd,</subfield>
    <subfield code="c">1998.</subfield>
  </datafield>
  <datafield tag="300" ind1=" " ind2=" ">
    <subfield code="a">xxiii,443p.:</subfield>
    <subfield code="c">25cm.</subfield>
  </datafield>
  <datafield tag="500" ind1=" " ind2=" ">
    <subfield code="a">Includes index.</subfield>
  </datafield>
  <datafield tag="505" ind1=" " ind2=" ">
    <subfield code="a">Contents:Introduction to sale of goods -- Terms implied only into business sales -- Terms implied into all contracts of sale of goods -- The transfer of the property and the risk, mistake and frustration -- Conflicts over title -- Duties of the buyer and the seller -- Remedies of the buyer and the seller -- International sales -- The ways in which agency can be created -- The relationship between principal and agent -- The relationship between principal and third parties -- Termination of agency -- Introduction to partnership and the definition of partnership -- Partners' relationship with outsiders -- Dissolution and winding up -- The supply goods and services -- Consumer credit.</subfield>
  </datafield>
  <datafield tag="942" ind1=" " ind2=" ">
    <subfield code="2">lcc</subfield>
    <subfield code="c">BK</subfield>
  </datafield>
  <datafield tag="999" ind1=" " ind2=" ">
    <subfield code="c">5354</subfield>
    <subfield code="d">12854</subfield>
  </datafield>
  <datafield tag="952" ind1=" " ind2=" ">
    <subfield code="0">0</subfield>
    <subfield code="1">0</subfield>
    <subfield code="2">lcc</subfield>
    <subfield code="4">0</subfield>
    <subfield code="7">0</subfield>
    <subfield code="a">WIUC-1</subfield>
    <subfield code="b">WIUC-1</subfield>
    <subfield code="c">LL</subfield>
    <subfield code="d">2015-02-05</subfield>
    <subfield code="l">0</subfield>
    <subfield code="o">KF889.M235</subfield>
    <subfield code="p">2455/1452/15</subfield>
    <subfield code="r">2015-02-05 00:00:00</subfield>
    <subfield code="t">1</subfield>
    <subfield code="w">2015-02-05</subfield>
    <subfield code="y">BK</subfield>
  </datafield>
  <datafield tag="952" ind1=" " ind2=" ">
    <subfield code="0">0</subfield>
    <subfield code="1">0</subfield>
    <subfield code="2">lcc</subfield>
    <subfield code="4">0</subfield>
    <subfield code="7">0</subfield>
    <subfield code="a">WIUC-1</subfield>
    <subfield code="b">WIUC-1</subfield>
    <subfield code="c">LL</subfield>
    <subfield code="d">2015-02-05</subfield>
    <subfield code="l">0</subfield>
    <subfield code="o">KF889.M2351</subfield>
    <subfield code="p">2456/1453/15</subfield>
    <subfield code="r">2015-02-05 00:00:00</subfield>
    <subfield code="t">1</subfield>
    <subfield code="w">2015-02-05</subfield>
    <subfield code="y">BK</subfield>
  </datafield>
</record>
